Turkce Ogretim Seti / (ბიბ.ჩანაწერი № 62592)
[ მარტივი ფორმატი ]
| 000 -LEADER | |
|---|---|
| fixed length control field | 00466nam a22001697a 4500 |
| 005 - DATE AND TIME OF LATEST TRANSACTION | |
| control field | 20241213113039.0 |
| 008 - FIXED-LENGTH DATA ELEMENTS--GENERAL INFORMATION | |
| fixed length control field | 241213s2014 tu ||||| |||| 00| 0 tur d |
| 020 ## - INTERNATIONAL STANDARD BOOK NUMBER | |
| International Standard Book Number | 9786058701021x |
| 041 ## - LANGUAGE CODE | |
| Language code of text/sound track or separate title | tur |
| 080 ## - UNIVERSAL DECIMAL CLASSIFICATION NUMBER | |
| Universal Decimal Classification number | 811.512.16 D-49 |
| 100 ## - MAIN ENTRY--PERSONAL NAME | |
| Personal name | Develi, H. |
| 9 (RLIN) | 23970 |
| 245 ## - TITLE STATEMENT | |
| Title | Turkce Ogretim Seti / |
| Remainder of title | |
| Statement of responsibility, etc. | Hayati Develi. |
| 264 ## - PRODUCTION, PUBLICATION, DISTRIBUTION, MANUFACTURE, AND COPYRIGHT NOTICE | |
| Place of production, publication, distribution, manufacture | Ankara, |
| Date of production, publication, distribution, manufacture, or copyright notice | 2014. |
| 300 ## - PHYSICAL DESCRIPTION | |
| Extent | 102 p.: |
| Other physical details | ill.; |
| Dimensions | 30 cm. |
| 653 ## - INDEX TERM--UNCONTROLLED | |
| keyword | თურქული ენა |
| 942 ## - ADDED ENTRY ELEMENTS (KOHA) | |
| Source of classification or shelving scheme | |
| Koha item type | წიგნი |
არაა ხელმისაწვდომი ეგზემპლარები.
